MDQL
is popping MORE tags! Check the
thread
!
Quizzes
Events
Quiz Creation
Community
Videos
Private Events
Remove Ads
Sign In
Join for FREE
Feedback
Dark Mode
Quiz Categories
Sports
Geography
Music
Movies
Television
Just For Fun
Miscellaneous
History
Literature
Language
Science
Gaming
Entertainment
Religion
Holiday
For Kids
Quiz Lab
Recent
Popular Today
Quiz Kudos Today
Editor Picks
Curator Picks
Quizzes by...
Day
Popularity
Type
Ratings
Length
Year
Community
Subscriptions
Recent Discussions
Orange Saloon
Badges
Playlists
Quests
Create
Leaderboards
Showdown
Live 5
Trivia Bingo
Activity
Puzzle Library
Sporcle Events
Private Events
Virtual Trivia
Globe League
Become a Host
Pub Owners
SporcleCon
Opinionation
Our Games
Videos
Blog
Mobile Apps
Partnerships
Remove Ads and Go Orange
Feedback
Music
Pop Music
The Beatles
Song
Album
Lyrics
Bands
Singers
Artist
Clip
Rock
Rap
Classical
Billboard
Country Music
Kpop
Taylor Swift
Music
Pop Music
The Beatles
Song
Album
Lyrics
Bands
Singers
Artist
Clip
Rock
Rap
Classical
Billboard
Country Music
Kpop
Taylor Swift
Random Quiz
Search Sporcle
×
Quiz Lab
Quiz Lab
Music
Song
Type in answers that appear in a list
Type in answers that appear in a list
Classic
Best Score? Go Orange.
Can you name this songs? (to June 2016) Stats
Can you name this songs?? (to June 2016)
By
domaitrinh99
10m
32 Questions
621 Plays
621 Plays
621 Plays
Comments
Comments
Give Quiz Kudos
Give Quiz Kudos
-
- Ratings
hide this ad
Replay
Link that replays current quiz
Next Quiz
Link to next quiz in quiz playlist
You Got
0%
They Got
Avg Score
53%
Avg Friend Score
Upgrade to see
Score Distribution
Jump to the score distribution portion of the page
Score
0/32
Timer
10:00
0
Plays Today
Time
Song
% Correct
1:05 -
1:16
Monster
91.1%
2:52 -
3:10
Save me
84.5%
0:00 -
0:14
Re-bye
81.5%
0:35 -
0:52
Dream girls
77.9%
0:15 -
0:34
If you
75%
6:29 -
6:49
Daddy
74.2%
2:39 -
2:51
Good luck
71%
4:51 -
5:04
Hate
70.5%
5:57 -
6:05
Fly
68.6%
4:13 -
4:24
L.I.E
68.1%
6:06 -
6:19
Pretty u
65.9%
4:02 -
4:12
My house
64.4%
3:11 -
3:22
Toy
63.8%
6:20 -
6:28
Destiny
63.8%
2:13 -
2:29
Free somebody
63%
5:35 -
5:43
I Just Wanna Dance
60.2%
Time
Song
% Correct
2:30 -
2:38
Apple pie
57.2%
3:34 -
3:46
Rain
55.2%
6:48 -
7:03
She is
54.8%
5:44 -
5:56
Feel so good
54.4%
1:34 -
1:47
#WYD
48.5%
3:47 -
4:01
One of these nights
44.6%
0:53 -
1:04
I'm gonna be a star
41.4%
5:17 -
5:27
Letting go
39.6%
2:01 -
2:12
Always
25.6%
4:25 -
4:36
Gotta go to work
25.3%
1:48 -
2:00
No oh oh
21.4%
3:23 -
3:33
Say it! What are you doing
20.8%
1:17 -
1:33
Here i am
20.5%
5:28 -
5:34
Whoo
17.6%
5:05 -
5:16
Journey to Atlantis
17.1%
4:37-
4:50
In the same place
10%
Quiz Playlist
Details
Report
Send in Message
Add To Playlist
Classic:
Type in answers that appear in a list
Last Updated: Feb 16, 2017
Quiz Scoreboard
CHALLENGE
Sign Up to Join the Scoreboard
Show All
Scores
Hide
Comments
May contain spoilers
Recently Published
5x2 Blitz: Bands
by SL_Kpop136
Music
30s
Colored Red Africa Blitz
by spor1
Geography
30s
Find the 'City' Movie
by crazypaving
Movies
60s
More to Explore
Quiz From the Vault
Featured Blog Post
14 Easter Pick-up Lines to Find Eggs With
hide this ad
You Might Also Like...
Tags
Pop Music Quiz
Singers Quiz
Song Quiz
Kpop Quiz
Today's Top Quizzes in Music
Browse Music
hide this ad
Today's Top Quizzes in Song
Browse Song
Top Contributed Quizzes in Music
1
5X2 Blitz: Bands II
2
5X2 Blitz: The Beatles
3
Taylor Swift All Songs (2024)
4
5X2 Blitz: Billboard
5
Taylor Swift Logic Puzzle II
6
5X2 Blitz: Billboard II
7
5X2 Blitz: Singers
8
5X2 Blitz: Album
9
5X2 Blitz: Rock
10
5X2 Blitz: Lyrics
Explore More
Trending Topics
Kpop
Marvel
NBA
Disney
Crossword
Harry Potter
Anime
WWE
Soccer
Pokémon
Puzzle
NFL
Song
The Office
Country
hide this ad
More By:
domaitrinh99
Quiz
Plays
Rating
Category
Featured
Created
Can you name this K-pop songs? (to July 2016)
780
5.00
Music
Jul 18, 2016
Can you name this K-pop songs? (to July 2016)
780
5.00
Music
Jul 18, 2016
Can you guess the name of this dramas with their OST?
632
4.67
Music
Jun 30, 2016
Can you name this songs? (to June 2016)
621
3.00
Music
Jun 12, 2016
Go to Creator's Profile
Score Distribution
Quiz Creator Spotlight
domaitrinh99
Follow
Send a Message
Quizzes Created
-
Created Quiz Play Count
-
More By This Creator
Popular Quizzes Today
1
Colored Red Africa Blitz
2
Find the 'City' Movie
3
Find the US States - No Outlines Minefield
4
5x2 Blitz: Bands
5
The Countries of the World
6
Find the US States
7
US States
8
Find the Countries of Europe - No Outlines Minefield
More Music Quizzes
Clickable Orchestral Instruments (Blitz)
Published
Trending Quizzes
Colored Red Europe Blitz I
Colored Red Africa Blitz II
Colored Red Europe Blitz II
Colored Red Europe Blitz III
Colored Red Africa Blitz III
Recently Updated
How Do You Spell That?
pecheneg
Godzilla Movies
pecheneg
Grab Bag: 4-10 Letters
pecheneg
2024 March Madness Bracket
pecheneg
Famous TV Couples
Peacemaker
Champions League XIs: Real Madrid
pecheneg
Largest US Cities 1790-2010
pecheneg
Rides in Walt Disney World
pecheneg
Most Oscar Losses (Acting)
pecheneg
Beyoncé Albums
pecheneg
Trending Topics
Crossword
Disney
Harry Potter
Marvel
Anime
NBA
Kpop
Soccer
The Office
WWE
Song
Puzzle
Country
NFL
Pokémon
Your Account Isn't Verified!
In order to create a playlist on Sporcle, you need to verify the email address you used during registration. Go to your
Sporcle Settings
to finish the process.
Report this User
Report this user for behavior that violates our
Community Guidelines
.
Details:
Send Report
Go to the Sporcle.com Mobile Site →
Comments